|
|
|
|
| LEADER |
00000nam a22000007a 4500 |
| 008 |
190617b2017 cr ||||| |||| 00| | spa d |
| 999 |
|
|
|c 3745
|d 3745
|
| 090 |
|
|
|a 04.02.03
|b 2555
|
| 110 |
1 |
|
|a Costa Rica. Ministerio de Ciencia, Tecnología y Comunicaciones
|9 3053
|
| 245 |
1 |
0 |
|a Informe: política nacional para la igualdad entre mujeres y hombres en la formación, el empleo y el disfrute de los productos de la ciencia, la tecnología, las comunicaciones y la innovación 2018-2027 /
|c Micitt
|
| 260 |
|
|
|a [San José, Costa Rica] :
|b Micitt,
|c 2017
|
| 300 |
|
|
|a 1 volumen (en varias paginacioes)
|
| 650 |
1 |
4 |
|9 956
|a IGUALDAD DE GÉNERO
|
| 650 |
1 |
4 |
|9 588
|a DERECHOS HUMANOS
|
| 650 |
1 |
4 |
|9 896
|a DISCRIMINACIÓN BASADA EN EL GÉNERO
|
| 650 |
1 |
4 |
|9 958
|a POLÍTICA GUBERNAMENTAL
|
| 942 |
|
|
|i 004601
|h 04.02.03 2555
|2 z
|c 01
|